APEC Schools

Pagbasa at pagsulat tungo sa pananaliksik / (Record no. 8108)

000 -LEADER
fixed length control field nam a22 7a 4500
005 - DATE AND TIME OF LATEST TRANSACTION
control field 20190912073346.0
008 - FIXED-LENGTH DATA ELEMENTS--GENERAL INFORMATION
fixed length control field 190912b xxu||||| |||| 00| 0 eng d
020 ## - IDENTIFIER FOR THE MANIFESTATION
Identifier for the Manifestation 9718865774
Binding paperback
040 ## - CATALOGING SOURCE
Language of Cataloging eng
Transcribing Agency APEC Schools Library
Description Conventions rda
082 ## - DEWEY DECIMAL CLASSIFICATION NUMBER
Classification number F 808.0499211
Author's Number B139p 2011
100 ## - CREATOR
Preferred Name of the Person Baello, Maria Lourdes R.
245 ## - TITLE AND STATEMENT OF RESPONSIBILITY
Preferred Title Proper Pagbasa at pagsulat tungo sa pananaliksik /
Statement of Responsibility/Parallel Statement of Responsibility Maria Lourdes R. Baello
264 ## - PUBLICATION STATEMENT
Place of publication, distribution, etc Manila, PH :
Publisher's Name/Parallel Publisher's Name Pamantasang Centro Escolar,
Copyright ©2011.
300 ## - PHYSICAL DESCRIPTION
Extent 192 pages ;
336 ## - RDA CONTENT
Source rdacontent
Content Type text
337 ## - RDA MEDIA
Source rdamedia
Media Type unmediated
338 ## - RDA CARRIER
Source rdacarrier
Carrier Type volume
504 ## - BIBLIOGRAPHY, ETC. NOTE
Bibliography, etc Includes bibliographical references.
650 ## - ADDED SUBJECT ACCESS POINT - TOPICAL TERM
Topical Term Filipino language
Form Subdivision Study and teaching.
942 ## - ADDED ENTRY ELEMENTS (KOHA)
Source of Classification
Koha Item Type Non Fiction
Holdings
Library Site Location Shelving Location Source of Acquisition Full Classification Number Accession Number Koha Item Type
APEC Marikina Heights Library APEC Marikina Heights Library Filipiniana Donation F 808.0499211 B139p 2011 A08-0000193D Non Fiction

Powered by Koha